000 01167cam a2200289 a 4500
001 4521883
003 ARRUPE
005 20130927111126.0
008 000717s1996 enk b 000 0 eng d
020 _a0281049491
035 _a(OCoLC)34695845
035 _a(OCoLC)ocm34695845
035 _a(NNC)4521883
040 _aMH
_cMH
_dCStRLIN
050 _aBT83.55
_b.S971 1996
245 0 0 _aSwallowing a fishbone? :
_bfeminist theologians debate Christianity /
_cedited by Daphne Hampson
260 _aReading :
_bSPCK Press,
_c1996
300 _axiv, 186 p. ;
_c22 cm
504 _aIncludes bibliographical references
505 0 _aOn autonomy and heteronomy / Daphne Hampson -- Turning the symbols / Janet Martin Soskice -- The power to re-member / Nicola Slee -- Women, rationality and theology / Jane Shaw -- Radical passion / Julie Hopkins -- Kenōsis and subversion / Sarah Coakley -- [Responses] -- [Afterwords]
650 0 _aWomen in Christianity.
_91580
650 0 _aFeminism
_xReligious aspects
_xChristianity.
_91581
650 0 _aFeminist theology.
_91582
700 1 _aHampson, Margaret Daphne.
_91583
942 _2lcc
_cMONOGRAPH
999 _c118120
_d118120